[Event "69th Moscow Blitz"]
[Site "Moscow RUS"]
[Date "2015.09.06"]
[Round "1.1"]
[White "Vavulin, Maksim"]
[Black "Grachev, Boris"]
[Result "0-1"]
[WhiteTitle "IM"]
[BlackTitle "GM"]
[WhiteElo "2441"]
[BlackElo "2649"]
[WhiteFideId "4169530"]
[BlackFideId "4129199"]
[EventDate "2015.09.06"]
[EventType "blitz"]

1. e4 c5 2. Nf3 e6 3. b3 b6 4. Bb2 Bb7 5. Bc1 Bc8 6. Bb2 Bb7 7. Nc3 Nc6 8. Qe2
a6 9. O-O-O Rc8 10. Qe3 b5 11. g3 Nf6 12. h3 Nd4 13. d3 Nxf3 14. Qxf3 Be7 15.
Bg2 O-O 16. g4 b4 17. Na4 d5 18. g5 Nd7 19. h4 d4 20. Qg3 Bc6 21. f4 Bxa4 22.
bxa4 Nb6 23. h5 Nxa4 24. g6 h6 25. gxf7+ Rxf7 26. Bh3 Rc6 27. Rhg1 Nc3 28. Rde1
c4 29. dxc4 Nxa2+ 30. Kd2 Qa5 31. Qg6 b3+ 32. Ke2 Nc3+ 33. Kf3 Bf6 34. e5 Bg5
35. Bxe6 Rxe6 36. Qxe6 Bxf4 37. Kg2 Qc7 38. Qe8+ Rf8 39. Qe6+ Kh8 40. Kh1 Qb7+
41. Rg2 bxc2 42. Ba3 Rg8 43. Qg4 Bg5 44. Qxd4 Ne2 45. Qd5 Qb3 46. Rexe2 Qh3+ 47.
Kg1 Qxa3 48. Rxc2 Qe3+ 49. Rgf2 Bh4 50. Qf3 Bxf2+ 51. Rxf2 Qxe5 52. Qd5 Qg3+ 53.
Kf1 Rb8 54. Rg2 Rb1+ 55. Ke2 Qe1+ 56. Kf3 Rb3+ 57. Kg4 Qe7 58. Rf2 Rb8 59. Rf7
Qe2+ 60. Kg3 Rb3+ 61. Kf4 Qe3+ 62. Kf5 Qe8 63. Rd7 Qf8+ 64. Rf7 Qc8+ 65. Ke5
Re3+ 66. Kd4 Re8 67. Rd7 Qb8 68. Kc3 Qg3+ 69. Kb4 Rb8+ 70. Kc5 Qa3+ 71. Kc6 Rc8+
72. Kb7 Qf8 73. Kxa6 Rb8 74. Rb7 Rd8 75. Rd7 Ra8+ 76. Kb6 Qb4+ 77. Qb5 Rb8+ 78.
Rb7 Qd6+ 79. Ka7 Rf8 80. Rb8 Qe7+ 81. Ka8 Qa3+ 82. Kb7 Qe7+ 83. Ka8 Qa3+ 84. Kb7
Qf3+ 85. Ka7 Qe3+ 86. c5 Qa3+ 87. Kb7 0-1

[Event "69th Moscow Blitz"]
[Site "Moscow RUS"]
[Date "2015.09.06"]
[Round "1.3"]
[White "Mozharov, Mikhail"]
[Black "Sychev, Klementy"]
[Result "1-0"]
[WhiteTitle "GM"]
[BlackTitle "IM"]
[WhiteElo "2573"]
[BlackElo "2414"]
[WhiteFideId "4189825"]
[BlackFideId "4114060"]
[EventDate "2015.09.06"]
[EventType "blitz"]

1. Nf3 Nf6 2. c4 c6 3. d4 d5 4. Nbd2 Bf5 5. Nh4 Be4 6. Qb3 Bf5 7. Qd1 Be4 8. Qb3
Qb6 9. Nxe4 Nxe4 10. Qxb6 axb6 11. e3 e6 12. Bd3 Na6 13. Ke2 Nf6 14. cxd5 exd5
15. a3 g6 16. Nf3 Bg7 17. Ne5 O-O 18. f3 Nb8 19. Bd2 Nbd7 20. Nxd7 Nxd7 21. Bc3
Rfe8 22. Kf2 b5 23. Rhe1 Nb6 24. Rad1 Na4 25. Rc1 Nxc3 26. Rxc3 Re6 27. Bc2 Rae8
28. Rb3 Bxd4 29. f4 f5 30. Kf3 Bb6 31. a4 d4 32. e4 fxe4+ 33. Rxe4 Bc7 34. axb5
c5 35. b6 Bd8 36. Rb5 Rxe4 37. Bxe4 c4 38. Bxb7 c3 39. bxc3 dxc3 40. Bc6 Re6 41.
Bd5 1-0

[Event "69th Moscow Blitz"]
[Site "Moscow RUS"]
[Date "2015.09.06"]
[Round "1.6"]
[White "Zvjaginsev, Vadim"]
[Black "Demidov, Mikhail"]
[Result "1/2-1/2"]
[WhiteTitle "GM"]
[BlackTitle "IM"]
[WhiteElo "2660"]
[BlackElo "2497"]
[WhiteFideId "4113403"]
[BlackFideId "4197143"]
[EventDate "2015.09.06"]
[EventType "blitz"]

1. e4 e6 2. d4 d5 3. exd5 exd5 4. Nf3 Nf6 5. Bd3 Bd6 6. O-O O-O 7. Bg5 Bg4 8.
Nbd2 Nbd7 9. c3 c6 10. Qc2 Qc7 11. Bh4 Rfe8 12. Rfe1 Bh5 13. Bg3 Bg6 14. Nh4 Nh5
15. Nxg6 hxg6 16. Bxd6 Qxd6 17. g3 Nhf6 18. Nf3 Kf8 19. Kg2 Rxe1 20. Rxe1 Re8
21. Rxe8+ Kxe8 22. Qb3 Qc7 23. Qc2 1/2-1/2

[Event "69th Moscow Blitz"]
[Site "Moscow RUS"]
[Date "2015.09.06"]
[Round "1.8"]
[White "Oparin, Grigoriy"]
[Black "Riazantsev, Alexander"]
[Result "0-1"]
[WhiteTitle "GM"]
[BlackTitle "GM"]
[WhiteElo "2569"]
[BlackElo "2646"]
[WhiteFideId "24125890"]
[BlackFideId "4125029"]
[EventDate "2015.09.06"]
[EventType "blitz"]

1. e4 c6 2. Nc3 d5 3. Nf3 Nf6 4. e5 Ne4 5. Be2 Nxc3 6. dxc3 Bg4 7. Bf1 Bc8 8.
Be2 Bg4 9. Ng5 Bxe2 10. Qxe2 e6 11. O-O Be7 12. Qh5 Bxg5 13. Bxg5 Qb6 14. Rab1
Nd7 15. Rfe1 h6 16. Re3 Nf8 17. Rg3 Ng6 18. Be3 Qc7 19. Bc5 O-O-O 20. Re1 Qa5
21. Ba3 Qa4 22. Rxg6 fxg6 23. Qxg6 Rhe8 24. Qxg7 Qxc2 25. Qxh6 Rd7 26. Qe3 b6
27. Qe2 Qxe2 28. Rxe2 c5 29. Kf1 a5 30. h4 Rh7 31. g3 Kd7 32. b3 a4 33. Bc1 axb3
34. axb3 Ra8 35. Bg5 Ra3 36. Rb2 Kc6 37. g4 d4 38. cxd4 cxd4 39. h5 Kd5 40. Bf6
Ke4 41. Ke2 d3+ 42. Kd2 Ra1 43. f3+ Kxf3 44. Kxd3 Kxg4 45. Rg2+ Kxh5 46. Kc4 Ra5
47. b4 Rd5 48. Rh2+ Kg6 49. Rg2+ Kf5 50. Rf2+ Ke4 51. Re2+ Kf3 52. Re1 b5+ 53.
Kb3 Rc7 54. Rf1+ Ke2 55. Rh1 Rd3+ 56. Kb2 Rc4 57. Rh2+ Kf3 58. Be7 Ke4 59. Bd6
Rcc3 60. Rh4+ Kd5 61. Rh8 Rg3 62. Rb8 Rb3+ 63. Kc2 Kc4 64. Rc8+ Kd4 65. Rd8
Rgc3+ 66. Kd2 Rb2+ 67. Kd1 Rh3 68. Kc1 Re2 69. Be7+ Kc3 70. Kd1 Rg2 71. Rc8+ Kb3
72. Rf8 Rh1+ 0-1

[Event "69th Moscow Blitz"]
[Site "Moscow RUS"]
[Date "2015.09.06"]
[Round "2.3"]
[White "Riazantsev, Alexander"]
[Black "Inarkiev, Ernesto"]
[Result "1/2-1/2"]
[WhiteTitle "GM"]
[BlackTitle "GM"]
[WhiteElo "2646"]
[BlackElo "2660"]
[WhiteFideId "4125029"]
[BlackFideId "4162722"]
[EventDate "2015.09.06"]
[EventType "blitz"]

1. d4 e6 2. c4 Nf6 3. Nf3 d5 4. Nc3 Nbd7 5. cxd5 exd5 6. Bg5 c6 7. e3 Be7 8. Bd3
Ne4 9. Bxe7 Qxe7 10. Qc2 Ndf6 11. O-O O-O 12. Rfe1 Bf5 13. Ne5 g6 14. f3 Nd6 15.
e4 Be6 16. Qf2 dxe4 17. fxe4 Rad8 18. Rad1 Ng4 19. Nxg4 Bxg4 20. Rd2 f6 21. h3
Bc8 22. b3 a6 23. a4 Kg7 24. Bc2 Nf7 25. Kh1 Rd6 26. Red1 Rfd8 27. Ne2 c5 28. d5
Qc7 29. Ng1 c4 30. bxc4 Qxc4 31. Nf3 Re8 32. Rd4 Qc3 33. R4d3 Qc4 34. Rd4 Qc5
35. Qd2 Bd7 36. a5 Rc8 37. Bb3 b5 38. axb6 Qxb6 39. Rb4 Qa5 40. Qd4 Qc5 41. Qd2
Bb5 42. Ba4 Bxa4 43. Rxa4 Qc2 44. Qxc2 Rxc2 45. Rda1 Re2 46. Kg1 Rb6 47. R1a2
Rb1+ 48. Kh2 Rxa2 49. Rxa2 Rb4 50. Rxa6 Rxe4 51. d6 Re6 52. Nd4 Rxd6 53. Ne6+
Kh6 54. Ra7 Rxe6 55. Rxf7 g5 56. Ra7 f5 57. Ra5 Kg6 58. Rb5 h5 59. Ra5 h4 60.
Rb5 Re4 61. Rb6+ Kh5 62. Rb5 Rf4 63. Ra5 Rf1 64. Rb5 Kg6 65. Rb6+ Kf7 66. Rb7+
Kf6 67. Rb6+ Ke5 68. Rb5+ Ke4 69. Rb4+ Kd5 70. Rb5+ Kc6 71. Rb8 g4 72. hxg4 fxg4
73. g3 Rf2+ 74. Kg1 hxg3 75. Rg8 Kd5 1/2-1/2

[Event "69th Moscow Blitz"]
[Site "Moscow RUS"]
[Date "2015.09.06"]
[Round "2.5"]
[White "Demidov, Mikhail"]
[Black "Novikov, Stanislav"]
[Result "1-0"]
[WhiteTitle "IM"]
[BlackTitle "GM"]
[WhiteElo "2497"]
[BlackElo "2536"]
[WhiteFideId "4197143"]
[BlackFideId "4125371"]
[EventDate "2015.09.06"]
[EventType "blitz"]

1. d4 Nf6 2. Bg5 e6 3. e4 h6 4. Bxf6 Qxf6 5. Nf3 Qd8 6. Ng1 Qf6 7. Nf3 d6 8. c3
e5 9. Na3 c6 10. dxe5 dxe5 11. Nc4 Nd7 12. a4 Be7 13. Be2 O-O 14. O-O Re8 15.
Qd3 Bf8 16. Rfd1 Nc5 17. Qe3 Bg4 18. b4 Nd7 19. h3 Bxf3 20. Bxf3 Nb8 21. Rd2 b6
22. Rad1 g6 23. Qd3 h5 24. Qc2 Kh7 25. Qb3 Kg7 26. Be2 Kg8 27. Nd6 Bxd6 28. Rxd6
Qe7 29. Rxg6+ Kh7 30. Rgd6 Rg8 31. Bxh5 a5 32. bxa5 Rxa5 33. Bf3 Na6 34. Rd7 Qg5
35. Qxf7+ Rg7 36. Qc4 Nc5 37. Rxg7+ Qxg7 38. Rd6 Rxa4 39. Qe2 Ra7 40. Rxc6 Ra1+
41. Kh2 Qf7 42. Bg4 Qf4+ 43. g3 Qc1 44. Bf5+ Kg8 45. Qg4+ Kf8 46. Rc8+ Ke7 47.
Qg7+ 1-0

[Event "69th Moscow Blitz"]
[Site "Moscow RUS"]
[Date "2015.09.06"]
[Round "2.8"]
[White "Sychev, Klementy"]
[Black "Dubov, Daniil"]
[Result "0-1"]
[WhiteTitle "IM"]
[BlackTitle "GM"]
[WhiteElo "2414"]
[BlackElo "2661"]
[WhiteFideId "4114060"]
[BlackFideId "24126055"]
[EventDate "2015.09.06"]
[EventType "blitz"]

1. d4 Nf6 2. c4 c5 3. d5 b5 4. cxb5 a6 5. bxa6 g6 6. Nc3 Bg7 7. Nf3 O-O 8. a7
Rxa7 9. e4 d6 10. Be2 Ba6 11. O-O Nfd7 12. a4 Nb6 13. Bxa6 Nxa6 14. Qe2 Nb4 15.
Bg5 Re8 16. Rfd1 Qa8 17. Qb5 Rb8 18. Qe2 h6 19. Bh4 g5 20. Bg3 Nxa4 21. Nxa4
Rxa4 22. Rxa4 Qxa4 23. e5 Rd8 24. exd6 exd6 25. Re1 Nxd5 26. h4 g4 27. Nd2 Nf6
28. Nc4 Re8 29. Ne3 d5 30. Qd1 Qxd1 31. Rxd1 d4 32. Nf5 Bf8 33. b4 cxb4 34. Rxd4
b3 35. Rd1 b2 36. Rb1 Ba3 37. Ne3 Rc8 0-1

[Event "69th Moscow Blitz"]
[Site "Moscow RUS"]
[Date "2015.09.06"]
[Round "2.10"]
[White "Vavulin, Maksim"]
[Black "Najer, Evgeniy"]
[Result "0-1"]
[WhiteTitle "IM"]
[BlackTitle "GM"]
[WhiteElo "2441"]
[BlackElo "2658"]
[WhiteFideId "4169530"]
[BlackFideId "4118987"]
[EventDate "2015.09.06"]
[EventType "blitz"]

1. e4 e5 2. Bc4 Nf6 3. d3 Nc6 4. Nc3 Bb4 5. Ne2 d5 6. exd5 Nxd5 7. O-O Nxc3 8.
bxc3 Bd6 9. f4 O-O 10. f5 Na5 11. Bb3 e4 12. dxe4 Nxb3 13. axb3 Re8 14. Qd3 Qe7
15. Ng3 Qh4 16. Ra4 Bd7 17. Rd4 Bc6 18. b4 Be5 19. b5 Bxd4+ 20. cxd4 Bxe4 21.
Qc4 c6 22. bxc6 Bxc6 23. f6 g6 24. Bf4 Rad8 25. Qc5 Rd5 26. Qxa7 Qxf6 27. Be5
Qh4 28. Rf4 Qh6 29. Ne4 Rdxe5 30. Nf6+ Kh8 31. dxe5 Qxf4 32. Nxe8 Qc1+ 33. Kf2
Qxc2+ 34. Ke3 Qe4+ 35. Kd2 Qd5+ 36. Kc2 Qxe5 0-1

[Event "69th Moscow Blitz"]
[Site "Moscow RUS"]
[Date "2015.09.06"]
[Round "3.1"]
[White "Najer, Evgeniy"]
[Black "Grachev, Boris"]
[Result "0-1"]
[WhiteTitle "GM"]
[BlackTitle "GM"]
[WhiteElo "2658"]
[BlackElo "2649"]
[WhiteFideId "4118987"]
[BlackFideId "4129199"]
[EventDate "2015.09.06"]
[EventType "blitz"]

1. e4 c5 2. Nf3 e6 3. d4 cxd4 4. Nxd4 Nc6 5. Nc3 a6 6. Bf4 d6 7. Qd2 Nxd4 8.
Qxd4 e5 9. Bxe5 dxe5 10. Qxe5+ Qe7 11. Qg3 Be6 12. O-O-O Nf6 13. Bb5+ axb5 14.
Nxb5 Rc8 15. Nd6+ Qxd6 16. Rxd6 Bxd6 17. Qxd6 Nxe4 18. Qe5 Nf6 19. Qb5+ Nd7 20.
Re1 Rd8 21. Qb4 h5 22. f4 g6 23. g3 b6 24. a4 Rc8 25. Kb1 Nc5 26. Qxb6 O-O 27.
a5 Na4 28. Qd4 Rc4 29. Qf6 Nc5 30. b3 Rb4 31. Qe7 Rb5 32. a6 Nxb3 33. cxb3 Rxb3+
34. Ka1 Rb6 35. Qa3 Ra8 36. a7 Rb7 37. Rxe6 fxe6 0-1

[Event "69th Moscow Blitz"]
[Site "Moscow RUS"]
[Date "2015.09.06"]
[Round "3.2"]
[White "Mozharov, Mikhail"]
[Black "Vavulin, Maksim"]
[Result "0-1"]
[WhiteTitle "GM"]
[BlackTitle "IM"]
[WhiteElo "2573"]
[BlackElo "2441"]
[WhiteFideId "4189825"]
[BlackFideId "4169530"]
[EventDate "2015.09.06"]
[EventType "blitz"]

1. Nf3 g6 2. g3 Bg7 3. d4 c5 4. d5 d6 5. Bg2 Nf6 6. a4 O-O 7. Nc3 Na6 8. O-O Nb4
9. e4 Rb8 10. h3 b6 11. Re1 Nd7 12. Nb1 Na6 13. Na3 Nc7 14. Nc4 Ba6 15. Ne3 Bb7
16. c3 Nf6 17. Nc4 Ba6 18. Qb3 Qd7 19. Na3 e6 20. dxe6 Qxe6 21. Qc2 Rfe8 22. Bf4
Nh5 23. Bc1 Bb7 24. Nd2 d5 25. Nb5 Nxb5 26. axb5 Ra8 27. e5 f6 28. c4 fxe5 29.
cxd5 Bxd5 30. Bxd5 Qxd5 31. Nc4 e4 32. Be3 Bd4 33. Rad1 Rad8 34. b3 Ng7 35. Qa2
Rd7 36. Qe2 Nf5 37. Qg4 Kg7 38. h4 h5 39. Qh3 Qe6 40. Bg5 Kh7 41. Qg2 Qd5 42.
Nd2 e3 43. fxe3 Nxe3 44. Qxd5 Rxd5 45. Kh1 Nxd1 46. Rxe8 Nf2+ 47. Kg2 Rd7 48.
Nf3 Ng4 49. Bf4 Bf6 50. Rf8 Kg7 51. Ra8 Kf7 52. Bb8 Rd3 53. Rxa7+ Ke6 54. Ra6
Rxb3 55. Rxb6+ Kf5 56. Bf4 Rb2+ 57. Kg1 c4 58. Rc6 c3 59. b6 Ke4 0-1

[Event "69th Moscow Blitz"]
[Site "Moscow RUS"]
[Date "2015.09.06"]
[Round "3.4"]
[White "Kobalia, Mikhail"]
[Black "Sychev, Klementy"]
[Result "1-0"]
[WhiteTitle "GM"]
[BlackTitle "IM"]
[WhiteElo "2632"]
[BlackElo "2414"]
[WhiteFideId "4119150"]
[BlackFideId "4114060"]
[EventDate "2015.09.06"]
[EventType "blitz"]

1. e4 e6 2. d4 d5 3. Nd2 c5 4. exd5 Qxd5 5. dxc5 Bxc5 6. Ngf3 Nf6 7. Bd3 O-O 8.
O-O Nc6 9. Qe2 Qh5 10. Ne4 Nxe4 11. Qxe4 Be7 12. Bf4 Nb4 13. Be2 Qg6 14. Qxg6
hxg6 15. c3 Nd5 16. Bg3 Rd8 17. Rfd1 Bd7 18. Ne5 Be8 19. Bf3 Rac8 20. Rd2 b5 21.
Rad1 f6 22. Bg4 Nc7 23. Nd7 f5 24. Bf3 Nd5 25. Bxd5 exd5 26. Rxd5 b4 27. cxb4
Bf7 28. R5d3 Bxa2 29. b3 Kh7 30. h3 Kh8 31. Be5 Kh7 32. Kh2 Rc2 33. Bg3 Rdc8 34.
b5 g5 35. b6 axb6 36. Nxb6 R8c6 37. Nd5 Bd8 38. Nb4 f4 39. Nxc6 fxg3+ 40. Kxg3
Bc7+ 41. Kg4 Rxc6 42. Kxg5 Rb6 43. Rc1 Be5 44. Kh4 Bf6+ 45. Kg3 Bxb3 46. Rb1 Bc2
47. Rxb6 Bxd3 48. f4 Be4 49. Rb4 Bd5 50. Rb5 Bc6 51. Rc5 Be4 52. Rc4 Bd5 53. Rc2
Be4 54. Re2 Bd3 55. Re3 Bb5 56. Kg4 Bd7+ 57. Kf3 Bc6+ 58. Kg3 Bd5 59. Kh2 Bc6
60. g4 Bd4 61. Rd3 Ba7 62. Kg3 1-0

[Event "69th Moscow Blitz"]
[Site "Moscow RUS"]
[Date "2015.09.06"]
[Round "3.7"]
[White "Oparin, Grigoriy"]
[Black "Demidov, Mikhail"]
[Result "0-1"]
[WhiteTitle "GM"]
[BlackTitle "IM"]
[WhiteElo "2569"]
[BlackElo "2497"]
[WhiteFideId "24125890"]
[BlackFideId "4197143"]
[EventDate "2015.09.06"]
[EventType "blitz"]

1. e4 e6 2. d4 d5 3. Nc3 Be7 4. Nf3 Nf6 5. Bd3 c5 6. dxc5 dxe4 7. Nxe4 Nxe4 8.
Bxe4 Qxd1+ 9. Kxd1 Bxc5 10. Ke2 Nd7 11. Be3 Bxe3 12. Kxe3 Nc5 13. Rhd1 Ke7 14.
Bd3 Nxd3 15. Rxd3 Rd8 16. Rc3 f6 17. a4 e5 18. a5 Be6 19. Ra4 Rac8 20. Rxc8 Rxc8
21. Rb4 Bd5 22. c3 Rc5 23. Rh4 Rxa5 24. Rxh7 Kf7 25. Rh8 Ra2 26. b4 Rc2 27. Rd8
Bc6 28. Rd3 e4 29. Rd2 Rxc3+ 30. Kd4 Rb3 31. Kc4 exf3 32. Kxb3 fxg2 33. Rd1 Bb5
34. Rg1 Bf1 35. Kc3 Ke6 36. Kd4 Kd6 37. f4 a6 38. h4 b6 39. Ke4 a5 40. bxa5 bxa5
41. Kd4 Ke6 42. Ke4 a4 43. f5+ Kd6 44. Kd4 a3 45. Kc3 Ke5 46. Kb3 Kxf5 0-1

[Event "69th Moscow Blitz"]
[Site "Moscow RUS"]
[Date "2015.09.06"]
[Round "3.9"]
[White "Onischuk, Alexander"]
[Black "Riazantsev, Alexander"]
[Result "1/2-1/2"]
[WhiteTitle "GM"]
[BlackTitle "GM"]
[WhiteElo "2662"]
[BlackElo "2646"]
[WhiteFideId "14101025"]
[BlackFideId "4125029"]
[EventDate "2015.09.06"]
[EventType "blitz"]

1. d4 e6 2. c4 f5 3. Nc3 Nf6 4. Nf3 Bb4 5. Bd2 O-O 6. g3 d5 7. Bg2 c6 8. O-O Bd6
9. Ne5 Nbd7 10. f4 Ne4 11. Nxe4 fxe4 12. Qb3 Qe7 13. a3 a5 14. Rac1 Nf6 15. a4
Kh8 16. Qb6 Ra6 17. Qb3 Ra8 18. Qb6 Ra6 19. Qb3 Ra8 20. Qb6 1/2-1/2

[Event "69th Moscow Blitz"]
[Site "Moscow RUS"]
[Date "2015.09.06"]
[Round "4.4"]
[White "Demidov, Mikhail"]
[Black "Inarkiev, Ernesto"]
[Result "1-0"]
[WhiteTitle "IM"]
[BlackTitle "GM"]
[WhiteElo "2497"]
[BlackElo "2660"]
[WhiteFideId "4197143"]
[BlackFideId "4162722"]
[EventDate "2015.09.06"]
[EventType "blitz"]

1. d4 Nf6 2. Bg5 d5 3. Bxf6 exf6 4. e3 c5 5. dxc5 Bxc5 6. c3 O-O 7. Nf3 Nc6 8.
Be2 Be6 9. O-O Re8 10. Nbd2 Ne5 11. Nb3 Bd6 12. Nbd4 a6 13. Qb3 Qc7 14. h3 Rac8
15. Rfd1 Qd7 16. Nxe6 fxe6 17. Nxe5 Bxe5 18. e4 Rcd8 19. exd5 exd5 20. Rxd5 Qxd5
21. Bc4 Qxc4 22. Qxc4+ Kh8 23. g3 Re7 24. Re1 g5 25. Re2 Red7 26. Kg2 Kg7 27.
Qg4 Rd2 28. Rxd2 Rxd2 29. Qb4 Rd7 30. Qg4 Rd2 31. Qb4 b5 32. b3 Rxa2 33. Kf3 Rc2
34. c4 bxc4 35. bxc4 a5 36. Qb7+ Kh6 37. Qa6 Kg6 38. h4 gxh4 39. gxh4 Kh5 40.
Qe6 Rc3+ 41. Ke4 Kxh4 42. f4 f5+ 43. Kxf5 Bd4 44. Qd5 Bf2 45. Qg2 1-0

[Event "69th Moscow Blitz"]
[Site "Moscow RUS"]
[Date "2015.09.06"]
[Round "4.7"]
[White "Sychev, Klementy"]
[Black "Zvjaginsev, Vadim"]
[Result "0-1"]
[WhiteTitle "IM"]
[BlackTitle "GM"]
[WhiteElo "2414"]
[BlackElo "2660"]
[WhiteFideId "4114060"]
[BlackFideId "4113403"]
[EventDate "2015.09.06"]
[EventType "blitz"]

1. e4 c5 2. Nf3 g6 3. d4 cxd4 4. Qxd4 Nf6 5. Nc3 Nc6 6. Qa4 Bg7 7. Qd4 Bf8 8.
Qa4 Bg7 9. e5 Ng8 10. Bf4 f6 11. exf6 Nxf6 12. Bc4 Qa5 13. Qxa5 Nxa5 14. Bd3 O-O
15. O-O d5 16. Rfe1 Nc6 17. Bg3 Bg4 18. Ne5 Nxe5 19. Rxe5 e6 20. h3 Bf5 21. Bxf5
exf5 22. Nxd5 Nh5 23. Re7 Nxg3 24. fxg3 Bxb2 25. Rd1 Rf7 26. Kh2 b6 27. Rxf7
Kxf7 28. Nc7 Rc8 29. Rd7+ Kg8 30. Nd5 Rxc2 31. Rxa7 Bd4 32. Rb7 Rxa2 33. Nxb6
Ra1 34. h4 Bg1+ 0-1

[Event "69th Moscow Blitz"]
[Site "Moscow RUS"]
[Date "2015.09.06"]
[Round "4.9"]
[White "Vavulin, Maksim"]
[Black "Dubov, Daniil"]
[Result "0-1"]
[WhiteTitle "IM"]
[BlackTitle "GM"]
[WhiteElo "2441"]
[BlackElo "2661"]
[WhiteFideId "4169530"]
[BlackFideId "24126055"]
[EventDate "2015.09.06"]
[EventType "blitz"]

1. e4 g6 2. d4 Bg7 3. Nc3 d6 4. f4 a6 5. Nf3 b5 6. Bd3 Nd7 7. Be3 Ngf6 8. e5 Ng4
9. Bg1 O-O 10. Qe2 Nb6 11. O-O-O b4 12. Ne4 Nd5 13. Qd2 c6 14. h3 Nh6 15. g4 Qa5
16. Bc4 Be6 17. Bb3 Nb6 18. Kb1 Bxb3 19. axb3 Qd5 20. Qd3 a5 21. Nfd2 a4 22. Nc4
Rfb8 23. Be3 axb3 24. cxb3 Nxc4 25. bxc4 Qa5 26. Qb3 d5 27. cxd5 cxd5 28. Nc5 e6
29. f5 Rc8 30. fxe6 fxe6 31. Rc1 Nf7 32. Bd2 Bf8 33. Qxb4 Qa1+ 34. Kc2 Bxc5 35.
dxc5 Qa6 36. Bc3 Nxe5 37. Rcd1 Nc4 38. Rhe1 Rab8 0-1

[Event "69th Moscow Blitz"]
[Site "Moscow RUS"]
[Date "2015.09.06"]
[Round "4.10"]
[White "Najer, Evgeniy"]
[Black "Mozharov, Mikhail"]
[Result "0-1"]
[WhiteTitle "GM"]
[BlackTitle "GM"]
[WhiteElo "2658"]
[BlackElo "2573"]
[WhiteFideId "4118987"]
[BlackFideId "4189825"]
[EventDate "2015.09.06"]
[EventType "blitz"]

1. e4 c6 2. d4 d5 3. e5 Bf5 4. h4 h5 5. c4 e6 6. Nc3 Ne7 7. a3 Nd7 8. Nf3 dxc4
9. Bxc4 Nb6 10. Be2 Ned5 11. Ng5 Bg6 12. Nce4 Be7 13. Ng3 Qd7 14. Bxh5 Bxh5 15.
Nxh5 g6 16. Ng7+ Kf8 17. N7xe6+ fxe6 18. Qf3+ Ke8 19. Qf7+ Kd8 20. Nxe6+ Kc8 21.
Qxg6 Nc7 22. Ng5 Qxd4 23. Nf3 Qc4 24. Qg7 Re8 25. Bg5 Qe4+ 26. Kf1 Ne6 27. Qf7
Kd7 28. Re1 Qd3+ 29. Kg1 Nd5 30. Bf6 Rf8 31. Qh5 Rg8 32. Ng5 Qf5 33. Qf3 Qxf3
34. Nxf3 Nxf6 35. exf6 Bxf6 36. b3 Rae8 37. g3 Nc5 38. Rd1+ Kc7 39. b4 Ne4 40.
Kg2 Nc3 41. Rd2 Nd5 42. Rc1 Kb6 43. Rc4 a5 44. bxa5+ Kxa5 45. Rc5+ Kb6 46. Rc4
Ra8 47. a4 Rae8 48. g4 Be5 49. g5 Bc7 50. Rb2+ Ka7 51. Rg4 Nf4+ 52. Kf1 Nh5 53.
Nd4 Rgf8 54. Ne2 Rf3 55. Rgb4 b6 56. R4b3 Rf7 57. Nd4 Kb7 58. a5 b5 59. Rc2 Rf4
60. Nxc6 Rxh4 61. Rxb5+ Ka6 62. Rb3 Nf4 63. Nb4+ Kxa5 64. Nc6+ Ka4 65. Rb4+ Ka3
66. Kg1 Reh8 0-1

[Event "69th Moscow Blitz"]
[Site "Moscow RUS"]
[Date "2015.09.06"]
[Round "5.1"]
[White "Mozharov, Mikhail"]
[Black "Grachev, Boris"]
[Result "1/2-1/2"]
[WhiteTitle "GM"]
[BlackTitle "GM"]
[WhiteElo "2573"]
[BlackElo "2649"]
[WhiteFideId "4189825"]
[BlackFideId "4129199"]
[EventDate "2015.09.06"]
[EventType "blitz"]

1. Nf3 d5 2. b3 Bf5 3. Bb2 h6 4. d3 e6 5. Nbd2 Nf6 6. g3 Be7 7. Bg2 O-O 8. c4 c6
9. O-O Bh7 10. Re1 Nbd7 11. a3 a5 12. Qc2 Bd6 13. Nh4 Re8 14. Rad1 Qe7 15. Qc1
Rad8 16. Qa1 e5 17. cxd5 cxd5 18. Bh3 Bc5 19. d4 exd4 20. Ndf3 Bc2 21. Rc1 Bxb3
22. Nxd4 Bc4 23. Bxd7 Qxd7 24. Nhf5 Bf8 25. Ne3 Rxe3 26. fxe3 Qh3 27. Nf3 Ng4
28. Bd4 Re8 29. Qb1 Rxe3 30. Qf5 g6 31. Qf4 Rxf3 32. Qxf3 Qxh2+ 33. Kf1 Qh3+ 34.
Kg1 Qh2+ 35. Kf1 Qh3+ 36. Kg1 Qh2+ 1/2-1/2

[Event "69th Moscow Blitz"]
[Site "Moscow RUS"]
[Date "2015.09.06"]
[Round "5.2"]
[White "Dubov, Daniil"]
[Black "Najer, Evgeniy"]
[Result "1/2-1/2"]
[WhiteTitle "GM"]
[BlackTitle "GM"]
[WhiteElo "2661"]
[BlackElo "2658"]
[WhiteFideId "24126055"]
[BlackFideId "4118987"]
[EventDate "2015.09.06"]
[EventType "blitz"]

1. d4 d5 2. c4 dxc4 3. Nf3 c6 4. Qc2 b5 5. b3 cxb3 6. axb3 e6 7. Bd2 Bb7 8. Ba5
Qxa5+ 9. Rxa5 Bb4+ 10. Nbd2 Bxa5 11. g3 Nd7 12. Bg2 Ngf6 13. O-O O-O 14. Ng5
Rfc8 15. Nde4 h6 16. Nd6 hxg5 17. Nxb7 Bb4 18. Rd1 a5 19. Nc5 Bxc5 20. dxc5 a4
21. bxa4 Rxa4 22. Rd6 Ra1+ 23. Bf1 g4 24. Kg2 Ra7 25. e4 Ne5 26. Be2 Ra4 27. Qd1
Rxe4 28. Rd8+ Rxd8 29. Qxd8+ Kh7 30. Bd3 Nxd3 31. Qxd3 Kh6 32. Qd6 Re2 33. Qxc6
Nd5 34. Kf1 Rb2 35. Qd6 b4 36. Qe5 Rc2 37. Qd4 b3 38. Qxg4 Rc1+ 39. Kg2 b2 40.
Qh4+ Kg6 41. Qg4+ Kh7 42. Qh4+ Kg8 43. Qd8+ Kh7 44. Qh4+ Kg6 45. Qg4+ Kh7 1/2-1/2

[Event "69th Moscow Blitz"]
[Site "Moscow RUS"]
[Date "2015.09.06"]
[Round "5.3"]
[White "Kobalia, Mikhail"]
[Black "Vavulin, Maksim"]
[Result "1-0"]
[WhiteTitle "GM"]
[BlackTitle "IM"]
[WhiteElo "2632"]
[BlackElo "2441"]
[WhiteFideId "4119150"]
[BlackFideId "4169530"]
[EventDate "2015.09.06"]
[EventType "blitz"]

1. e4 g6 2. d4 Bg7 3. Nf3 d6 4. Bc4 a6 5. O-O e6 6. Bb3 Ne7 7. Nbd2 O-O 8. Re1
b6 9. c3 Bb7 10. Nf1 h6 11. Ng3 c5 12. Bf4 cxd4 13. cxd4 Nbc6 14. Rc1 Rc8 15. a3
Kh7 16. Qd2 Qd7 17. Ba2 d5 18. e5 Na5 19. h4 Nc4 20. Qe2 Qb5 21. Rc2 Na5 22.
Qxb5 axb5 23. Rec1 Rxc2 24. Rxc2 Rc8 25. Rxc8 Bxc8 26. Ne1 Nc4 27. Bc1 Nc6 28.
Nc2 Bf8 29. b3 N4a5 30. Bd2 Be7 31. h5 g5 32. Nf1 f6 33. exf6 Bxf6 34. Bc3 Bd7
35. Nfe3 Be8 36. g4 Kg7 37. Ng2 Bf7 38. Nge3 Bg8 39. b4 Nb7 40. Bb3 Nd6 41. a4
bxa4 42. Bxa4 b5 43. Bb3 Nc4 44. Bxc4 dxc4 45. Na3 Bxd4 46. Nxb5 Bxc3 47. Nxc3
Nxb4 48. Nxc4 Nd3 49. Ne2 e5 50. Ne3 Be6 51. f3 Nf4 52. Ng3 Nh3+ 53. Kg2 Nf4+
54. Kf2 Kh7 55. Ke1 Kg7 56. Kd2 Kh7 57. Nef5 Bd7 58. Ke3 Ng2+ 59. Kf2 Nf4 60.
Ne3 Be6 61. Ne4 Kg7 62. Nd6 Bd7 63. Nef5+ Kh7 64. Ke3 Ng2+ 65. Kf2 Nf4 66. Ne7
Be6 67. Ke3 Kg7 68. Nef5+ Kh7 69. Ne7 Bd7 70. Ke4 Ng2 71. Kxe5 Nh4 72. Ke4 Be6
73. Nef5 Ng2 74. Ke5 Bd7 75. Kf6 Nh4 76. Nd4 Ba4 77. Nc4 Bd1 78. Ne5 Ba4 79. Kf7
Ng2 80. Ng6 Nh4 81. Nf8+ Kh8 82. Nf5 Nxf5 83. gxf5 Bc6 84. Ng6+ Kh7 85. Ne5 Bd5+
86. Kf8 Bb3 1-0